Südkorea-Quiz - Statistiken

Allgemein
  • Dieses Quiz wurde 3.967 mal gespielt
  • Das Durchschnittsergebnis liegt bei 10 aus 20
Antwortstatistiken
Frage Antwort % Korrekt
Hauptstadt von Südkorea Seoul
99%
Wichtigstes Elektronikkonzern Samsung
82%
Rap-Video von PSY über ein reicher Bezirk der Hauptstadt {Gangnam} Style
75%
Am meisten verbreiteter Familienname Kim
73%
Olympischer Kampfsport, der aus Südkorea kommt Taekwondo
56%
Größter Automobilhersteller Hyundai
54%
Koreanischer fermentierter Kohl Kimchi
54%
2017 steht Südkorea weltweit auf erstem Rang für das weltschnellste... Internet
52%
Zweitgrößte Metropole Busan
51%
Beliebteste Sportart (zuschauermässig) Baseball
44%
Währung von Südkorea Won
44%
Meer im Osten Japanisches Meer / Koreanisches Ostmeer
41%
Am meisten verbreiteter Familienname Lee
39%
Größter Automobilhersteller Kia
37%
Landstreifen zwischen Süd- und Nordkorea {Demilitarisierte} Zone
35%
Meer im Westen Gelbes Meer
35%
Am meisten verbreiteter Familienname Park
33%
Größte Insel Jeju
28%
Gericht, dessen Name "gemischter Reis" bedeutet Bibimbap
16%
Gründer der "Vereinigungskirche", der 2012 starb Sun Myung {Moon}
12%
Keine übereinstimmenden Quizze gefunden
Verteilung der Resultate
Anzahl Personen mit jedem Resultat
Perzentil nach korrekt beantworteten Fragen
Ihre Resultats-Entwicklung
Sie haben dieses Quiz noch nicht gespielt